[Event "Quebec Open Invitational 2013"]
[Site "Montreal CAN"]
[Date "2013.07.28"]
[Round "9.16"]
[White "Leveille,F"]
[Black "Song,Michael"]
[Result "1/2-1/2"]
[WhiteElo "2279"]
[BlackElo "2242"]

1.d4 Nf6 2.Nf3 g6 3.c4 Bg7 4.Nc3 O-O 5.e4 d6 6.Be2 e5 7.dxe5 dxe5 8.Qxd8 Rxd8
9.Bg5 Re8 10.Nd5 Nxd5 11.cxd5 c6 12.Bc4 cxd5 13.Bxd5 Nd7 14.Nd2 Nc5 15.Be3 Nd3+
16.Ke2 Nxb2 17.a4 Bd7 18.a5 Bb5+ 19.Kf3 Ba6 20.Rhb1 Nd3 21.Bxb7 Ne1+ 22.Kg3 Bxb7
23.Rxb7 Nc2 24.Rc1 Nxe3 25.fxe3 a6 26.Rcc7 Rf8 27.Kf3 Rac8 28.Ke2 Rxc7 29.Rxc7 Ra8
30.Nc4 Bf8 31.Rb7 Rc8 32.Kd3 f5 33.Nxe5 Bg7 34.Re7 Rd8+ 35.Kc4 fxe4 36.Nc6 Rd2
37.Ra7 Bh6 38.Ne7+ Kf8 39.Nd5 Rc2+ 40.Kd4 Bg7+ 41.Kxe4 Rc4+ 42.Kd3 Rc5 43.Nf4 Rc6
44.Ne2 h5 45.Nd4 Rd6 46.Ke4 Bf6 47.Rc7 Bd8 48.Rc6 Ke7 49.Ke5 Rf6 50.Rxf6 Bc7+
51.Rd6 Bxd6+ 52.Kd5 Bxh2 53.Nc6+ Kf7 54.Ne5+ Kf6 55.Nc4 g5 56.e4 Bc7 57.e5+ Ke7
58.e6 g4 59.Ne5 Ke8 60.Nc6 h4 61.Ke4 Kf8 62.Nb4 Bd6 63.Nxa6 Ke7 64.Nb4 Bxb4
65.a6 Bc5 66.Kf4 g3 67.Kg4 Kxe6  1/2-1/2

[Event "VIII Vladimir Dvorkovich Open"]
[Site "Taganrog RUS"]
[Date "2013.07.28"]
[Round "7.14"]
[White "Pligin,G"]
[Black "Petrova,O"]
[Result "0-1"]
[WhiteElo "1915"]
[BlackElo "2227"]

1.d4 Nf6 2.c4 g6 3.Nc3 Bg7 4.e4 d6 5.Nf3 O-O 6.Be2 e5 7.d5 Nh5 8.Bg5 f6 9.Be3 Nf4
10.Bxf4 exf4 11.Qd2 Bh6 12.O-O-O Kg7 13.Kb1 Nd7 14.Qd4 Rf7 15.h4 Kg8 16.h5 g5
17.Ne1 f5 18.g3 fxg3 19.exf5 gxf2 20.Qxf2 Ne5 21.Qg2 Bxf5+ 22.Ka1 Qe7 23.Nf3 Ng4
24.Nd4 Ne3 25.Nxf5 Rxf5 26.Qh3 Rf4 27.Rdg1 Nxc4 28.Bxc4 Rxc4 29.Re1 Qf7 30.Rhf1 Rf4
31.Rxf4 gxf4 32.Re6 Qg7 33.a3 Rf8 34.Qf3 Qg3 35.Qe4 Bg7 36.Re7 Qg5 37.Qe6+ Kh8
38.Ne4 Qg2 39.Nc3 Qh1+ 40.Ka2 Qxh5 41.Rxc7 f3 42.Rc8 Qg6 43.Rxf8+ Bxf8 44.Qh3 Qf7
45.Qf1 Bg7 46.Qf2 Bxc3 47.bxc3 Qxd5+ 48.Kb2 Qb5+ 49.Kc1 Qd3 50.Qh4 Qxc3+
51.Kb1 Qb3+ 52.Kc1 Qxa3+ 53.Kd2 Qb2+ 54.Ke3 Qe2+ 55.Kd4 Qe5+ 56.Kd3 Qf5+
57.Ke3 f2 58.Qd8+ Kg7 59.Qe7+ Qf7 60.Qg5+ Kf8  0-1

[Event "Politiken Cup 2013"]
[Site "Helsingor DEN"]
[Date "2013.07.29"]
[Round "4.20"]
[White "Hagen,Ande"]
[Black "Bekker Jensen,S"]
[Result "1/2-1/2"]
[WhiteElo "2187"]
[BlackElo "2414"]

1.d4 Nf6 2.c4 g6 3.Nc3 Bg7 4.e4 d6 5.Be2 O-O 6.Nf3 Na6 7.O-O e5 8.Be3 Qe7
9.d5 Ng4 10.Bg5 f6 11.Bh4 h5 12.h3 Nh6 13.Ne1 g5 14.Bg3 g4 15.hxg4 hxg4 16.Nc2 Qf7
17.Ne3 Qg6 18.a3 f5 19.exf5 Nxf5 20.Bd3 Nc5 21.Bc2 e4 22.Qd2 Nd4 23.Rad1 a5
24.b4 axb4 25.axb4 Ncb3 26.Bxb3 Nxb3 27.Qe1 Nd4 28.Ne2 Nxe2+ 29.Qxe2 Bd7
30.c5 Ra4 31.c6 Bc8 32.cxb7 Bxb7 33.Qc2 Rxb4 34.Rb1 Rxb1 35.Rxb1 Ba6 36.Qxc7 Bd3
37.Rb6 Ra8 38.Rb8+ Rxb8 39.Qxb8+ Bf8 40.Qc8 Be2 41.Nf5 Kf7 42.Qd7+ Kg8 43.Qe6+ Kh7
44.Bxd6 Bxd6 45.Nxd6 Bd3 46.Qe7+ Qg7 47.Nf7 g3 48.Ng5+ Kg6 49.Qxg7+ Kxg7
50.fxg3 Kf6 51.d6 Bb5 52.Nxe4+ Ke5 53.Nc3 Bc6 54.Kf2 Kxd6 55.g4 Ke5 56.Kg3 Kf6
57.Ne2 Kg5 58.Nd4 Bxg2 59.Ne6+ Kf6 60.Nf4 Be4 61.Kh4 Bc2 62.g5+ Kg7 63.Nd5 Bb1
64.Ne3 Bd3 65.Kg4 Bb1 66.Nd5 Bc2 67.Nf4 Bb1 68.Kh5 Bf5 69.g6 Bxg6+ 70.Nxg6  1/2-1/2

[Event "9th Tabor Open 2013"]
[Site "Tabor CZE"]
[Date "2013.07.29"]
[Round "3.1"]
[White "Ilandzis,S"]
[Black "Neuman,P"]
[Result "1/2-1/2"]
[WhiteElo "2162"]
[BlackElo "2522"]

1.d4 Nf6 2.c4 g6 3.Nc3 Bg7 4.e4 d6 5.Be2 O-O 6.Nf3 e5 7.O-O Na6 8.Qc2 Qe8
9.dxe5 dxe5 10.h3 c6 11.Be3 Nh5 12.Rfe1 Nf4 13.Bf1 Ne6 14.Rad1 f5 15.b3 f4
16.Bc1 Qe7 17.Na4 Nac7 18.Kh1 g5 19.Bb2 Nd8 20.Qc1 b6 21.Ba3 c5 22.Nc3 Nce6
23.Nd5 Nf7 24.Nc3 h5 25.Nd5 Qe8 26.b4 Rb8 27.Qc3 g4 28.Nh4 Nh6 29.Ng6 Rf7
30.bxc5 bxc5 31.Rb1 Rxb1 32.Rxb1 Kh7 33.Nh4 Qd8 34.Nf5 Nxf5 35.exf5 Nd4 36.f6 Bxf6
37.Bxc5 Ne6 38.Ba3 Bg7 39.Qd3+ Kh6 40.Rb8 Qd7 41.Ne7 Qxd3 42.Bxd3 Bf8 43.Rxc8 Bxe7
44.Rh8+ Kg7 45.Rh7+ Kf8 46.Bxe7+ Rxe7 47.Rxh5 Nc5 48.Rh8+ Kg7 49.Rh7+ Kf8
50.Rxe7 Kxe7 51.Bf5 gxh3 52.gxh3 Kf6 53.Bg4 Kg5 54.Kg2 Kh4 55.f3 Kg5 56.Kf2 a5
57.Ke2 Kh4 58.Kd2 Kg5 59.Kc3 Kh4 60.Kd2 Kg3  1/2-1/2

[Event "10th Plancoet Open A"]
[Site "Plancoet FRA"]
[Date "2013.07.30"]
[Round "3.1"]
[White "Primel,D"]
[Black "Jianu,V"]
[Result "0-1"]
[WhiteElo "2000"]
[BlackElo "2560"]

1.Nf3 Nf6 2.c4 g6 3.Nc3 Bg7 4.d4 O-O 5.e4 d6 6.Be2 e5 7.O-O Na6 8.Be3 Ng4
9.Bg5 Qe8 10.dxe5 dxe5 11.Qc1 h6 12.Bd2 Kh7 13.c5 Nb8 14.h3 Nf6 15.Be3 Nc6
16.Rd1 Be6 17.Nd5 Bxd5 18.exd5 Ne7 19.d6 Nf5 20.dxc7 Rc8 21.Rd8 Qe7 22.Rxf8 Rxf8
23.c6 b6 24.Ba6 Qxc7 25.Bd2 Re8 26.a4 Re6 27.Bb5 Ne4 28.Bb4 Nxf2 29.Kxf2 e4
30.Ne1 Qg3+ 31.Ke2 e3 32.Bc3 Rd6 33.c7 Qf2+  0-1

[Event "9th Ribeira Valley Open 2013"]
[Site "Registro BRA"]
[Date "2013.07.30"]
[Round "2.6"]
[White "Matsuura,E"]
[Black "Deus Filho,J"]
[Result "1-0"]
[WhiteElo "2501"]
[BlackElo "2022"]

1.d4 Nf6 2.Nf3 g6 3.c4 Bg7 4.Nc3 O-O 5.e4 d6 6.Be2 Nbd7 7.O-O e5 8.Re1 c6
9.Bf1 Qb6 10.Rb1 Re8 11.d5 c5 12.a3 Qd8 13.Nd2 Nh5 14.b4 b6 15.Nb3 Nf8 16.Bd2 f5
17.bxc5 bxc5 18.Nb5 fxe4 19.Ba5 Qf6 20.Bc7 Bf5 21.Rc1 Bh6 22.Nxd6 Re7 23.Nxf5 Qxf5
24.Bd6 Rd7 25.Bxc5 Bxc1 26.Nxc1 Ne6 27.Be3 Nhf4 28.Ne2 Ng5 29.Ng3 Qf8 30.Qg4 Qd8
31.h4 Nf7 32.Nxe4 Nh5 33.Nc5 Rd6 34.Ne6 Qa5 35.Rd1 Nd8 36.Nxd8 Raxd8 37.Qg5 Nf6
38.c5  1-0

[Event "Politiken Cup 2013"]
[Site "Helsingor DEN"]
[Date "2013.07.31"]
[Round "6.17"]
[White "Kristiansen,Jen"]
[Black "Schmidt,Kr"]
[Result "1-0"]
[WhiteElo "2396"]
[BlackElo "2272"]

1.d4 Nf6 2.Nf3 g6 3.c4 Bg7 4.Nc3 O-O 5.e4 d6 6.Be2 e5 7.d5 a5 8.h3 Na6 9.Bg5 h6
10.Be3 Nc5 11.Nd2 Bd7 12.g4 Ne8 13.Nb3 b6 14.h4 a4 15.Nxc5 dxc5 16.Qd2 Kh7
17.h5 g5 18.O-O Bf6 19.f3 Be7 20.Rfb1 Nd6 21.Nd1 Qb8 22.Nf2 f6 23.Qc2 Ra6
24.Nd3 Qa7 25.Kg2 Ra8 26.f4 gxf4 27.Nxf4 Rg8 28.Ng6 Bd8 29.Kh2 Qb8 30.Rf1 Qc8
31.g5 hxg5 32.Bxg5 fxg5 33.Nxe5 Kh6 34.Nxd7 Qxd7 35.e5 Ne8 36.Rf8 Qg7 37.Rxg8 Qxg8
38.Rf1 Be7 39.Bg4  1-0

[Event "9th Ribeira Valley Open 2013"]
[Site "Registro BRA"]
[Date "2013.07.31"]
[Round "4.7"]
[White "Barata,A"]
[Black "Supi,L"]
[Result "1-0"]
[WhiteElo "2162"]
[BlackElo "2329"]

1.Nf3 Nf6 2.c4 g6 3.Nc3 Bg7 4.e4 d6 5.d4 O-O 6.Be2 e5 7.d5 a5 8.Bg5 Na6 9.Nd2 h6
10.Bh4 Qe8 11.O-O Bd7 12.Bxf6 Bxf6 13.Bg4 Bxg4 14.Qxg4 Bg7 15.Qe2 f5 16.Rab1 f4
17.b3 g5 18.h3 h5 19.g4 Rf6 20.f3 Rh6 21.Kg2 Qg6 22.Rh1 Kf7 23.a3 Rah8 24.Nd1 c5
25.dxc6 bxc6 26.b4 axb4 27.axb4 c5 28.b5 Nb4 29.Ra1 Bf8 30.Ra7+ Be7 31.Nb1 hxg4
32.fxg4 Qh7 33.Nf2 Rf6 34.Kf3 Qh4 35.Rg1 Rfh6 36.Qd2 d5 37.exd5 Rd8 38.Qc3 Rc8
39.Rg2 Nd3 40.Qa3 e4+  1-0

[Event "100th ch-GBR 2013"]
[Site "Torquay ENG"]
[Date "2013.07.31"]
[Round "3.34"]
[White "Shaw,P"]
[Black "Wang,Maria"]
[Result "1-0"]
[WhiteElo "2164"]
[BlackElo "1817"]

1.d4 Nf6 2.c4 g6 3.Nc3 Bg7 4.e4 d6 5.Nf3 O-O 6.Be2 e5 7.Be3 Na6 8.d5 Ng4
9.Bg5 f6 10.Bh4 h5 11.Nd2 c5 12.dxc6 bxc6 13.a3 Nc7 14.b4 Be6 15.O-O Qd7
16.h3 Nh6 17.f3 d5 18.cxd5 cxd5 19.exd5 Nxd5 20.Nxd5 Bxd5 21.Ne4 Rad8 22.Nc3 Kh7
23.Nxd5 Qxd5 24.Qxd5 Rxd5 25.Rad1 Rfd8 26.Rxd5 Rxd5 27.Rd1 Rxd1+ 28.Bxd1 Nf5
29.Bf2 Nd4 30.f4 Bf8 31.fxe5 fxe5 32.Bf3 Kg7 33.Kf1 Kf6 34.Be4 Bd6 35.Bd3 Be7
36.Ke1 g5 37.Kd2 Ke6 38.Kc3 Kd5 39.a4 Nc6 40.b5 Nd4 41.Bc4+ Kc5 42.Be3 Kb6
43.Bf7 h4 44.Kc4 Ka5 45.Be8 Kb6 46.Kd5 Bf6 47.Kd6 a6 48.Bd7 axb5 49.axb5 Ka5
50.Bd2+ Kb6 51.Bb4 Nxb5+ 52.Bxb5 Kxb5 53.Bc3 g4 54.hxg4 Kc4 55.Bxe5 Bg5 56.Ke6 Kd3
57.Bf6 Bd2 58.g5 Ke4 59.g6 Bh6 60.Bxh4 Kf4 61.Kf7 Ke3 62.Bg5+  1-0

[Event "Politiken Cup 2013"]
[Site "Helsingor DEN"]
[Date "2013.08.01"]
[Round "7.38"]
[White "Smagin,N"]
[Black "Fossan,P"]
[Result "1/2-1/2"]
[WhiteElo "2081"]
[BlackElo "2245"]

1.d4 Nf6 2.c4 g6 3.Nc3 Bg7 4.e4 d6 5.Nf3 O-O 6.Be2 e5 7.O-O Na6 8.Rb1 Qe8
9.Re1 exd4 10.Nxd4 Nxe4 11.Bf3 Nxc3 12.bxc3 Qd7 13.Bxb7 Bxb7 14.Rxb7 Nc5
15.Rb1 Rfe8 16.Be3 a6 17.h3 Qa4 18.Qxa4 Nxa4 19.Rb7 Nxc3 20.Nc6 d5 21.cxd5 Nxd5
22.Bd2 Rxe1+ 23.Bxe1 Kf8 24.Rb8+ Rxb8 25.Nxb8 Ke7 26.Nxa6 Kd6 27.Nb4 Nxb4
28.Bxb4+ Kd5 29.Kf1 Kc4 30.Be7 Kd3 31.Bc5 Bc3 32.f3 Ba5 33.Be7 Bb6 34.Bd8 Kd2
35.Bg5+ Kd3 36.Bd8 Kd2 37.Bg5+ Kc2 38.Ke2 f5 39.g4 Kb2 40.gxf5 gxf5 41.Kd3 Kxa2
42.Kc2 Ka3 43.Kc3 Ka4 44.Kc4 c6 45.Be7 Ka5 46.Bc5 Ka6 47.Ba3 Kb7 48.Bd6 Kc8
49.Bf4 Kd7 50.Bg3 Ke6 51.Bb8 Kd7 52.Bf4 Bc7 53.Bd2 Bd6 54.Be1 Ke6 55.Bh4 Kf7
56.Kd4 Kg6 57.Bd8 Kh5 58.Bf6 Bf4 59.Be7 Bg5 60.Bd6 Kh4 61.Ke5 f4 62.Kf5 c5
63.Bxc5 h6 64.Bd6 Kg3 65.h4 Kxh4 66.Bxf4 Bxf4 67.Kxf4 h5 68.Ke5 Kg3 69.f4 h4
70.f5 h3 71.f6 h2 72.f7 h1=Q 73.f8=Q Qe1+ 74.Kf6  1/2-1/2

[Event "Charleroi Open 2013"]
[Site "Charleroi BEL"]
[Date "2013.08.02"]
[Round "8.6"]
[White "Tomov,G"]
[Black "Geenen,M"]
[Result "1/2-1/2"]
[WhiteElo "2301"]
[BlackElo "2235"]

1.d4 Nf6 2.c4 g6 3.Nc3 Bg7 4.e4 d6 5.Nf3 O-O 6.Be2 e5 7.O-O Na6 8.Re1 c6
9.Rb1 exd4 10.Nxd4 Re8 11.Bf1 Qb6 12.Na4 Qa5 13.Bd2 Qd8 14.Qc2 Ng4 15.Nf3 Ne5
16.Nxe5 dxe5 17.c5 Nc7 18.Ba5 Qe7 19.Bxc7 Qxc7 20.b4 b5 21.cxb6 axb6 22.b5 Qa7
23.Nc3 Bd7 24.Qb3 Be6 25.Bc4 cxb5 26.Bxe6 Rxe6 27.Nxb5 Qb7 28.Red1 Bf8 29.Rd5 Bc5
30.Rbd1 Re7 31.h4 h5 32.g3 Kg7 33.Qb2 f6 34.Qb3 Qa6 35.R1d2 Qa4 36.Qd3 Ra5
37.Nc3 Qc6 38.Rd8 Ra3 39.Rc2 Rc7 40.Rd2 Re7 41.Rc2 Rc7 42.Qd5 Qxd5 43.Nxd5 Rca7  1/2-1/2

[Event "Politiken Cup 2013"]
[Site "Helsingor DEN"]
[Date "2013.08.02"]
[Round "8.67"]
[White "Hedin,Niclas"]
[Black "Boukhris Ferre,Y"]
[Result "0-1"]
[WhiteElo "1969"]
[BlackElo "2058"]

1.d4 Nf6 2.c4 g6 3.Nc3 Bg7 4.e4 d6 5.Nf3 O-O 6.Be2 e5 7.O-O exd4 8.Nxd4 Re8
9.f3 c6 10.Be3 d5 11.cxd5 cxd5 12.Nxd5 Nxd5 13.Bb5 Bd7 14.Qb3 Nc6 15.Bxc6 bxc6
16.exd5 Rb8 17.Qd3 c5 18.Ne2 Bb5 19.Qd2 Bxe2 20.Rf2 Rxb2 21.Qc1 Rxe3 22.Qxe3 Bd4
23.Qa3 Qb6 24.Re1 c4  0-1

[Event "Politiken Cup 2013"]
[Site "Helsingor DEN"]
[Date "2013.08.02"]
[Round "8.116"]
[White "Fjellengen,B"]
[Black "Kistrup,Nicolai"]
[Result "1-0"]
[WhiteElo "1869"]
[BlackElo "1623"]

1.d4 Nf6 2.c4 g6 3.Nc3 Bg7 4.e4 d6 5.Nf3 O-O 6.Be2 e5 7.O-O Nbd7 8.dxe5 Nxe5
9.Nxe5 dxe5 10.Be3 Be6 11.f3 c6 12.b4 Nh5 13.Qc1 Nf4 14.Rd1 Qg5 15.Bf1 Bh3
16.Bxf4 exf4 17.Rb1 Rad8 18.Kh1 Bc8 19.Rxd8 Rxd8 20.Ne2 Be5 21.Qc2 f5 22.Rd1 Rxd1
23.Qxd1 fxe4 24.fxe4 Qh4 25.Ng1 Bg4 26.Nf3 Qe7 27.c5 Bg7 28.Bc4+ Kf8 29.Qd3 Bxf3
30.gxf3 Ke8 31.Qd2 Qe5 32.Bg8 h6 33.Qd3 Qc3 34.Qd1 Qxb4 35.Bh7 Qd4 36.Bxg6+ Ke7
37.Qb3 Qa1+ 38.Kg2 Qb2+ 39.Kh3 Qxb3 40.axb3 Bd4 41.Kg4 Bxc5 42.Kxf4 Kf6 43.Bf5 Bd6+
44.Kg4 Bxh2 45.Bc8 b6 46.Bb7 c5 47.f4 h5+ 48.Kf3 h4 49.e5+ Ke7 50.Ke4 a5
51.Ba6 Bg1 52.f5 h3 53.f6+ Kf7 54.Kf5  1-0

[Event "114th US Open"]
[Site "Middleton USA"]
[Date "2013.08.02"]
[Round "7"]
[White "Sarkar,J"]
[Black "Chakraborty,Di"]
[Result "1-0"]
[WhiteElo "2451"]
[BlackElo "2174"]

1.d4 Nf6 2.c4 g6 3.Nc3 Bg7 4.e4 d6 5.Nf3 O-O 6.Be2 Na6 7.O-O e5 8.Be3 Ng4
9.Bg5 Qe8 10.Re1 f6 11.Bc1 c6 12.d5 c5 13.Nd2 Nh6 14.a3 f5 15.b4 f4 16.Rb1 g5
17.h3 Qe7 18.Nf1 g4 19.hxg4 Qh4 20.Nh2 Rf6 21.Nb5 Rg6 22.Rb3 f3 23.Nxf3 Qxg4
24.Ng5 Qh4 25.g3 Rxg5 26.Bxg5 Qxg5 27.Nxd6 Bd7 28.b5 Nc7 29.Nxb7 Rf8 30.Nxc5 Ng4
31.Nxd7 Nxf2 32.Qc1 Nh3+ 33.Kh2 Nf4 34.gxf4 Rxf4 35.Rg1 Rf2+ 36.Kh3 Qe7 37.Rxg7+ Kxg7
38.Qg1+ Kh8 39.Qxf2 Ne8 40.Qf8+ Qxf8 41.Nxf8 Nf6 42.Rf3 Nxe4 43.Ne6  1-0

[Event "16th Olomouc IM Prima Pack"]
[Site "Olomouc CZE"]
[Date "2013.08.02"]
[Round "3.3"]
[White "Kholopov,A"]
[Black "Obsivac,J"]
[Result "1/2-1/2"]
[WhiteElo "2310"]
[BlackElo "2298"]

1.d4 Nf6 2.c4 d6 3.Nc3 Nbd7 4.e4 e5 5.Nf3 g6 6.Be2 Bg7 7.O-O O-O 8.Re1 h6
9.Bf1 c6 10.h3 Nh7 11.Be3 f5 12.exf5 gxf5 13.dxe5 dxe5 14.c5 e4 15.Nd4 Ne5
16.Qb3+ Kh8 17.Nde2 Ng5 18.Nf4 Qe8 19.Be2 Be6 20.Qa3 Bf7 21.Rad1 Ne6 22.Qb4 Rg8
23.Kh1 Bf6 24.Rd6 Rg7 25.Red1 Bg5 26.Nxe6 Bxe6 27.Bxg5 hxg5 28.Qd4 Nf7 29.Bh5 Qe7
30.Bxf7 Qxf7 31.Qe5 Re8 32.Rd8 Rxd8 33.Rxd8+ Kh7 34.b3 Rg8 35.Rd6 Re8 36.Kg1 Kg6
37.h4 gxh4 38.Ne2 Qf6 39.Qf4 Qg5 40.Qe5 Qf6 41.Qf4 Qg5  1/2-1/2

[Event "9th Tabor Open 2013"]
[Site "Tabor CZE"]
[Date "2013.08.02"]
[Round "7.15"]
[White "Zakoucka,A"]
[Black "Michalcak,L"]
[Result "0-1"]
[WhiteElo "1994"]
[BlackElo "2074"]

1.d4 Nf6 2.c4 g6 3.Nc3 Bg7 4.e4 O-O 5.Nf3 d6 6.Be2 e5 7.Be3 Nc6 8.d5 Ne7
9.Nd2 Nd7 10.b4 f5 11.f3 Nf6 12.c5 fxe4 13.fxe4 h5 14.h3 Kh7 15.g4 Nexd5
16.Nxd5 Nxd5 17.Bf2 Rxf2 18.exd5 Qh4 19.Nc4 Bh6 20.Qa4 Rh2+ 21.Kd1 Rxh1+
22.Kc2 Rxa1 23.Kb2 Qe1  0-1

[Event "100th ch-GBR 2013"]
[Site "Torquay ENG"]
[Date "2013.08.02"]
[Round "5.16"]
[White "Shaw,P"]
[Black "Ledger,D"]
[Result "1/2-1/2"]
[WhiteElo "2164"]
[BlackElo "2305"]

1.d4 Nf6 2.c4 g6 3.Nc3 Bg7 4.e4 d6 5.Nf3 O-O 6.Be2 e5 7.Be3 Ng4 8.Bg5 f6
9.Bh4 Nc6 10.d5 Ne7 11.Nd2 Nh6 12.f3 c5 13.dxc6 bxc6 14.b4 g5 15.Bf2 f5 16.O-O Be6
17.Nb3 Ng6 18.b5 c5 19.a4 Nf4 20.Ra2 fxe4 21.fxe4 Qe7 22.a5 g4 23.Nd5 Bxd5
24.cxd5 Qg5 25.Kh1 Qg6 26.Nd2 Kh8 27.g3 Nh3 28.Be3 Ng5 29.Bd3 Rxf1+ 30.Qxf1 Rf8
31.Qg2 Nf3 32.Rb2 Qf7 33.Nc4 Ne1 34.Qe2 Nxd3 35.Qxd3 Qf3+ 36.Kg1 Qf6 37.Rf2 Qe7
38.Rxf8+ Bxf8 39.Bxh6 Bxh6 40.b6 axb6 41.axb6 Bf8 42.Qb3 Qb7 43.Qa3 Qf7 44.Na5 Qg6
45.Qe3 Bh6 46.Qe1 Qe8 47.b7 Qb5 48.Qf1 Be3+ 49.Kg2 Qb2+ 50.Kh1 Bf2 51.Nc4 Qxb7
52.Qxf2 Qb1+ 53.Kg2 Qxe4+ 54.Kg1 Kg8 55.Nxd6 Qxd5 56.Nf5 Qd3 57.Ne3 c4 58.Nf1 c3
59.Ne3 Qb1+ 60.Kg2 Qe4+ 61.Kg1 Qb1+ 62.Kg2 Qe4+ 63.Kg1  1/2-1/2

[Event "114th US Open"]
[Site "Middleton USA"]
[Date "2013.08.03"]
[Round "8"]
[White "Checa,Nicolas D"]
[Black "Carr,John B"]
[Result "1-0"]
[WhiteElo "2021"]
[BlackElo "1960"]

1.d4 g6 2.Nf3 Bg7 3.c4 Nf6 4.Nc3 O-O 5.e4 d6 6.Be2 Na6 7.O-O e5 8.Be3 Ng4
9.Bg5 Qe8 10.h3 exd4 11.Nxd4 h6 12.Bf4 Nf6 13.Bf3 Nc5 14.Re1 Ne6 15.Nxe6 Bxe6
16.Nd5 Bxd5 17.cxd5 Nd7 18.Qc1 g5 19.Bd2 Qd8 20.h4 Ne5 21.Be2 Bf6 22.h5 Rc8
23.f4 gxf4 24.Bxf4 Bg5 25.Bxg5 Qxg5 26.Qxg5+ hxg5 27.Rac1 c5 28.dxc6 Rxc6
29.Rxc6 bxc6 30.Rd1 Rb8 31.b3 Rb4 32.Rxd6 Rxe4 33.Kf2 Kg7 34.g3 f6 35.Bd1 c5
36.h6+ Kxh6 37.Rxf6+ Kg7 38.Ra6 c4 39.Rxa7+ Kh6 40.Bc2 Nd3+ 41.Kf3 Re6 42.Bxd3 cxd3
43.Rd7 Re2 44.a4 g4+ 45.Kxg4 d2 46.Kf3  1-0

[Event "16th Olomouc Open"]
[Site "Olomouc CZE"]
[Date "2013.08.03"]
[Round "3.17"]
[White "Tregubov,An"]
[Black "Hrabal,M"]
[Result "1-0"]
[WhiteElo "2333"]
[BlackElo "2099"]

1.d4 Nf6 2.c4 g6 3.Nc3 Bg7 4.e4 d6 5.Nf3 O-O 6.Be2 e5 7.d5 a5 8.Bg5 h6 9.Bh4 Na6
10.Nd2 Qe8 11.O-O Bd7 12.b3 Nh7 13.a3 h5 14.f3 Bh6 15.Bf2 Qe7 16.Re1 h4 17.Nf1 Bf4
18.Ne3 Qg5 19.Bf1 Nf6 20.Rb1 Nh5 21.b4 Ng3 22.Qd3 f5 23.c5 Rf7 24.Qc4 Bxe3
25.Bxe3 f4 26.Bd2 axb4 27.axb4 Nxf1 28.Kxf1 Qh5 29.c6 Bc8 30.cxb7 Bxb7 31.h3 Bc8
32.Kf2 Qg5 33.Ne2 Nb8 34.Ra1 Rxa1 35.Rxa1 Qd8 36.Rc1 Na6 37.Kf1 Bb7 38.Be1 g5
39.Bf2 Qa8 40.Ra1 Qc8 41.b5 Nc5 42.Bxc5 dxc5 43.Qxc5 Rf6 44.Qe7  1-0

[Event "Politiken Cup 2013"]
[Site "Helsingor DEN"]
[Date "2013.08.04"]
[Round "10.37"]
[White "Thybo,Jesper Sondergaard"]
[Black "Schmidt,Kr"]
[Result "1-0"]
[WhiteElo "2097"]
[BlackElo "2272"]

1.d4 Nf6 2.c4 g6 3.Nc3 Bg7 4.e4 d6 5.Nf3 O-O 6.Be2 e5 7.O-O Nbd7 8.Re1 c6
9.Bf1 a5 10.Rb1 Qe7 11.b3 h6 12.Ba3 exd4 13.Nxd4 Ng4 14.Be2 Nc5 15.Bxg4 Bxg4
16.Qxg4 Bxd4 17.Ne2 Bg7 18.Nf4 Rfe8 19.Rbd1 Rad8 20.Nd3 h5 21.Qf4 Bd4 22.Kf1 Bc3
23.Re2 Nxe4 24.Nc1 f5 25.f3 Be5 26.Qh6 Nc3 27.Rxe5 Qxe5 28.Qxg6+ Qg7 29.Qxg7+ Kxg7
30.Bb2 a4 31.Bxc3+ Kf7 32.bxa4 h4 33.Kf2 h3 34.g3 f4 35.g4 d5 36.c5 Re3 37.Nd3 d4
38.Bb2 Ra8 39.Bxd4  1-0

[Event "Arad Open 2013"]
[Site "Arad ROU"]
[Date "2013.08.05"]
[Round "4.4"]
[White "Shishkin,Va UKR"]
[Black "Dragomirescu,R"]
[Result "1-0"]
[WhiteElo "2508"]
[BlackElo "2368"]

1.d4 Nf6 2.c4 g6 3.Nc3 Bg7 4.e4 O-O 5.Nf3 d6 6.Be2 e5 7.Be3 Ng4 8.Bg5 f6
9.Bh4 g5 10.Bg3 Nh6 11.d5 Nd7 12.O-O f5 13.exf5 Nxf5 14.Nd2 Nf6 15.Nde4 Nxe4
16.Nxe4 Nd4 17.Bg4 Bf5 18.Bxf5 Rxf5 19.f3 c6 20.Bf2 cxd5 21.cxd5 Qb6 22.b3 h6
23.Qd3 Rf7 24.Rac1 Rd8 25.Qc4 Rdd7 26.Rfe1 Rc7 27.Qd3 Rxc1 28.Rxc1 Rc7 29.Rxc7 Qxc7
30.Qc4 Qd7 31.h3 Kf7 32.Be3 Nf5 33.Bf2 Bf8 34.a4 Ng7 35.Qc1 Be7 36.h4 gxh4
37.Qxh6 Qd8 38.Be3 Qa5 39.Bg5 Bf8 40.Qf6+ Kg8 41.Qg6 Kh8 42.Qf7  1-0

[Event "100th ch-GBR 2013"]
[Site "Torquay ENG"]
[Date "2013.08.05"]
[Round "7.30"]
[White "Shaw,P"]
[Black "Broadley,Henry"]
[Result "1/2-1/2"]
[WhiteElo "2164"]
[BlackElo "1953"]

1.d4 Nf6 2.c4 g6 3.Nc3 Bg7 4.e4 d6 5.Nf3 O-O 6.Be2 e5 7.Be3 exd4 8.Nxd4 Re8
9.f3 c6 10.Qd2 d5 11.exd5 cxd5 12.O-O Nc6 13.Nxc6 bxc6 14.Rfd1 Ba6 15.cxd5 Bxe2
16.Qxe2 Qe7 17.Re1 Nxd5 18.Nxd5 cxd5 19.Qf2 Qb4 20.Bc5 Rxe1+ 21.Rxe1 Qxb2
22.Qxb2 Bxb2 23.Rd1 Rc8 24.Bxa7 d4 25.Kf2 Rc4 26.Ke2 Ra4 27.Bc5 Rxa2 28.Rd2 Ra5
29.Bxd4 Bxd4  1/2-1/2

[Event "XI Miguel Najdorf Open A 2013"]
[Site "Warsaw POL"]
[Date "2013.08.06"]
[Round "2.13"]
[White "Staniszewski,Pi"]
[Black "Choroszej,A"]
[Result "1-0"]
[WhiteElo "2432"]
[BlackElo "2147"]

1.d4 g6 2.c4 Bg7 3.e4 d6 4.Nf3 Nf6 5.Nc3 O-O 6.Be2 e5 7.d5 a5 8.h3 Na6 9.Bg5 Qe8
10.g4 Nc5 11.Nd2 h6 12.Be3 Nfd7 13.Nf1 f5 14.gxf5 gxf5 15.exf5 e4 16.Rg1 Kh7
17.Ng3 Ne5 18.Bxc5 dxc5 19.Ncxe4 Kh8 20.Nh5 Nxc4 21.Nxg7 Qxe4 22.Qc1  1-0

[Event "21st Poznan Open"]
[Site "Poznan POL"]
[Date "2013.08.07"]
[Round "1.4"]
[White "Szymanski,L"]
[Black "Chojnacki,K"]
[Result "0-1"]
[WhiteElo "1725"]
[BlackElo "2407"]

1.d4 Nf6 2.Nf3 g6 3.c4 Bg7 4.Nc3 O-O 5.e4 d6 6.Be2 e5 7.d5 Nbd7 8.O-O Nh5
9.Ng5 Nf4 10.Bxf4 exf4 11.Nh3 Be5 12.f3 Nc5 13.Nf2 f5 14.Kh1 fxe4 15.Nfxe4 Nxe4
16.fxe4 Qh4 17.Bf3 g5 18.Qe1 Qh6 19.Qe2 Rf6 20.Rad1 Qg7 21.Bg4 Rh6 22.Rd3 Rxh2+
23.Kg1 Rh4 24.Bxc8 Bd4+  0-1

[Event "HZ Open 2013"]
[Site "Vlissingen NED"]
[Date "2013.08.07"]
[Round "6.22"]
[White "Bottema,M"]
[Black "Kerigan,D"]
[Result "0-1"]
[WhiteElo "2087"]
[BlackElo "2257"]

1.d4 g6 2.c4 Bg7 3.e4 d6 4.Nc3 Nf6 5.Nf3 O-O 6.Be2 Nbd7 7.O-O e5 8.Be3 Re8
9.d5 Nh5 10.g3 Bf8 11.Ne1 Ng7 12.Nd3 f5 13.f3 Be7 14.Qd2 Rf8 15.Rac1 Nf6
16.c5 fxe4 17.fxe4 Bh3 18.Rf2 Ng4 19.Bxg4 Bxg4 20.Rxf8+ Qxf8 21.Rf1 Qd8 22.Nf2 Bd7
23.c6 bxc6 24.dxc6 Bxc6 25.Ng4 h5 26.Nh6+ Kh7 27.Nf7 Qd7 28.Bg5 Bf8 29.Be7 Nf5
30.Bxf8 Rxf8 31.Ng5+ Kg7 32.exf5 Rxf5 33.Rxf5 Qxf5 34.h4 d5 35.Qf2 d4 36.Qxf5 gxf5
37.Nd1 Bd5 38.b3 c5 39.Nb2 a5 40.Nc4 a4 41.Nxe5 Bxb3 42.a3 c4 43.Kf2 c3 44.Ke2 Kf6
45.Ngf3 Ke6 46.Nd3 Kd5 47.Nf4+ Kc5 48.Nd3+ Kc4 49.Nfe5+ Kd5 50.Nd7 Kd6 51.N7e5 Kd5
52.Nd7 Kd6 53.N7e5 Bd5 54.Ng6 Bc4 55.Nf4 Kc6 56.Nxh5 c2  0-1

[Event "17th Godesberg Open"]
[Site "Bonn GER"]
[Date "2013.08.08"]
[Round "6.1"]
[White "Moeller,Jeremy"]
[Black "Rotstein,J"]
[Result "0-1"]
[WhiteElo "1983"]
[BlackElo "2340"]

1.e4 d6 2.Nf3 g6 3.d4 Bg7 4.c4 e5 5.Nc3 Nd7 6.Be2 Ngf6 7.O-O O-O 8.d5 Nc5
9.Qc2 a5 10.Be3 Ng4 11.Bxc5 dxc5 12.h3 Nh6 13.Qd2 f6 14.a3 Nf7 15.b4 axb4
16.axb4 Rxa1 17.Rxa1 c6 18.Nb5 cxb4 19.dxc6 bxc6 20.Qxd8 Rxd8 21.Na7 Bb7
22.c5 Bf8 23.Ba6 Bxa6 24.Nxc6 Ra8 25.Nxb4 Bb7 26.Rxa8 Bxa8 27.Nd3  0-1

[Event "100th ch-GBR 2013"]
[Site "Torquay ENG"]
[Date "2013.08.08"]
[Round "10.49"]
[White "Coates,D"]
[Black "Wang,Maria"]
[Result "1-0"]
[WhiteElo "2046"]
[BlackElo "1817"]

1.d4 Nf6 2.c4 g6 3.Nc3 Bg7 4.e4 d6 5.Nf3 O-O 6.Be2 e5 7.O-O Na6 8.Re1 c6
9.Bf1 exd4 10.Nxd4 Ng4 11.h3 Qb6 12.hxg4 Qxd4 13.g5 Qxd1 14.Rxd1 Be5 15.Be3 Nc5
16.f3 Be6 17.Rd2 a5 18.Rc1 a4 19.Rdc2 Ra6 20.Rd1 Raa8 21.Be2 Rfb8 22.f4 Bxc3
23.Bxc5 dxc5 24.Rxc3 Rd8 25.Rcc1 Rd4 26.Rxd4 cxd4 27.g4 Kg7 28.f5 gxf5 29.gxf5 Bd7
30.c5 Re8 31.Bd3 Re5 32.Rc4 Be8 33.Kf2 f6 34.gxf6+ Kxf6 35.Rxa4 Rxc5 36.Rxd4 Ke5
37.Ke3 Bf7 38.Rd7 Bxa2 39.Rxb7 Bc4 40.Rxh7 Bxd3 41.Re7+ Kf6 42.Re6+ Kf7 43.Kxd3 Rc1
44.b4 c5 45.b5 c4+ 46.Kd4 c3 47.b6 c2 48.Kc3  1-0

[Event "Stare Mesto Open 2013"]
[Site "Stare Mesto CZE"]
[Date "2013.08.09"]
[Round "1.18"]
[White "Jozefek,M"]
[Black "Pipiska,Adam"]
[Result "1-0"]
[WhiteElo "2202"]
[BlackElo "1724"]

1.d4 d6 2.c4 Nf6 3.Nc3 g6 4.e4 Bg7 5.Be2 O-O 6.Nf3 Nbd7 7.O-O e5 8.Re1 exd4
9.Nxd4 Nc5 10.Bf1 Re8 11.f3 Ne6 12.Be3 c6 13.Nb3 Nc7 14.Qd2 d5 15.Rad1 Be6
16.Qf2 Qb8 17.cxd5 cxd5 18.e5 Nd7 19.f4 b6 20.Nd4 f6 21.exf6 Nxf6 22.h3 Ne4
23.Nxe4 dxe4 24.Nxe6 Nxe6 25.f5 Rf8 26.Bc4 gxf5 27.Bxe6+ Kh8 28.Bd5  1-0

[Event "Stockholm Open 2013"]
[Site "Stockholm SWE"]
[Date "2013.08.09"]
[Round "7.3"]
[White "Jansson,A"]
[Black "Hallerod,R"]
[Result "1-0"]
[WhiteElo "2116"]
[BlackElo "2128"]

1.Nf3 Nf6 2.c4 g6 3.Nc3 Bg7 4.e4 d6 5.d4 O-O 6.Be2 e5 7.Be3 Nc6 8.d5 Ne7
9.Nd2 Ne8 10.f3 f5 11.b4 c6 12.O-O cxd5 13.cxd5 f4 14.Bf2 g5 15.Rc1 Ng6 16.Nb5 a6
17.Nc3 Bd7 18.Nc4 Bf6 19.Nb6 Rb8 20.b5 Bxb5 21.Nxb5 axb5 22.Bxb5 g4 23.Nd7 Ra8
24.Nxf8 Nxf8 25.fxg4 Rxa2 26.Rc2 Ra5 27.Qd3 Bh4 28.Bxh4 Qb6+ 29.Bf2 Qxb5
30.Qxb5 Rxb5 31.Rc4 Rb2 32.h3 b5 33.Rc8 Kf7 34.Ra1 Nf6 35.Ra7+ N8d7 36.Bh4 Nxe4
37.Rxd7+  1-0